000 00551nam a2200181Ia 4500
005 20250423101654.0
008 250422s9999 xx 000 0 und d
020 _a9789753153423
050 _aBP 165 .G851/
100 _aGülen, M. Fethullah, 1938-
245 0 _aVuslat muştusu
260 _aİstanbul
260 _bNil Yayınları
260 _c2011
300 _a292 p
650 _aIslam -- Miscellanea Islam -- Addresses, essays, lectures Islam Belief İslam -- Derleme İslam -- Denemeler, makaleler, vb. İslam İnanç
942 _cBK
999 _c36939
_d36939